|
|
|
|
| LEADER |
01710nam a2200265 a 4500 |
| 001 |
00024312 |
| 008 |
120119s2011 ii b 001 0 eng d |
| 020 |
|
|
|a 9789381292105
|
| 040 |
|
|
|a BD-DhAAL
|c BD-DhAAL
|
| 082 |
0 |
0 |
|a 364
|2 22
|
| 100 |
1 |
|
|a Paranjape, N.V.
|
| 245 |
1 |
0 |
|a Criminology & penology with victimology /
|c N.V. Paranjape
|
| 250 |
|
|
|a 15th ed.
|
| 260 |
|
|
|a Allahabad, India :
|b Central Law Publications,
|c 2011
|
| 300 |
|
|
|a xxxvi, 847 p. ;
|c 23 cm.
|
| 504 |
|
|
|a Includes Bibliographical References and index.
|
| 541 |
|
|
|e 00024312
|
| 650 |
|
0 |
|a Criminology
|
| 852 |
1 |
|
|a Ayesha Abed Library
|c General shelf.
|
| 999 |
|
|
|c 11792
|d 11792
|
| 952 |
|
|
|0 0
|1 0
|2 ddc
|4 0
|6 364_000000000000000_PAR
|7 0
|9 19224
|a BRACUL
|b BRACUL
|c GEN
|d 2012-01-19
|e Paragon Enterprises
|g 612.00
|l 3
|m 3
|o 364 PAR
|p 3010024312
|r 2024-11-04
|s 2024-11-04
|t 1
|w 2012-01-19
|y BK
|x The book was placed on a one-hour loan, but since it's not in high demand now, it has been moved to the General Stacks on 23 October 2025.
|
| 952 |
|
|
|0 0
|1 0
|4 0
|6 364_PAR
|7 0
|9 19225
|a BRACUL
|b BRACUL
|c GEN
|d 2012-01-19
|e Paragon Enterprises
|g 612.00
|l 5
|m 26
|o 364 PAR
|p 3010024313
|r 2025-01-29
|s 2024-09-30
|t 2
|w 2012-01-19
|y BK
|x Available
|
| 952 |
|
|
|0 0
|1 0
|4 0
|6 364_PAR
|7 0
|9 19226
|a BRACUL
|b BRACUL
|c GEN
|d 2012-01-19
|e Paragon Enterprises
|g 612.00
|l 6
|m 20
|o 364 PAR
|p 3010024314
|r 2025-10-14
|s 2025-10-14
|t 3
|w 2012-01-19
|y BK
|x Available
|
| 952 |
|
|
|0 0
|1 0
|4 0
|6 364_PAR
|7 0
|9 19227
|a BRACUL
|b BRACUL
|c GEN
|d 2012-01-19
|e Paragon Enterprises
|g 612.00
|l 7
|m 60
|o 364 PAR
|p 3010024315
|r 2025-10-14
|s 2025-10-13
|t 4
|w 2012-01-19
|y BK
|x Available
|
| 952 |
|
|
|0 0
|1 0
|4 0
|6 364_PAR
|7 0
|9 19228
|a BRACUL
|b BRACUL
|c GEN
|d 2012-01-19
|e Paragon Enterprises
|g 612.00
|l 5
|m 25
|o 364 PAR
|p 3010024316
|r 2025-01-15
|s 2024-10-16
|t 5
|w 2012-01-19
|y BK
|x Available
|